000 00598nam a2200205Ia 4500
001 58462
008 140507s9999 xx 000 0 und d
020 _a9780415596039
040 _cPK-LaUMT
082 _a 307.1216
_bTHW-S
100 _aThwaites, Kevin
245 _aSocially restorative urbanism
_bthe theory, process and practice of experimics
_cThwaites, Kevin<>Mathers, Alice<>Simkins, Ian
260 _aLondon,UK:
_bRoutledge,
_c2013
300 _a245 p.
546 _aEN
650 _aCity planning-Social aspects
700 _aMathers, Alice
700 _aSimkins, Ian
942 _cBK
999 _c55726
_d55726